| 000 | 00490nam a2200157 4500 | ||
|---|---|---|---|
| 008 | 151204b xxu||||| |||| 00| 0 eng d | ||
| 020 | _a9780615251141 | ||
| 050 | _aD 690.6 .R38 2008 | ||
| 100 |
_aRauchut, Edward A. _d2008 |
||
| 245 |
_aKirkpatrick Signature Series Reader. _cEdward A. Rauchut |
||
| 260 |
_aOmaha, _bBellevue University Press, _c2008. |
||
| 300 | _a753p.: | ||
| 650 | _aHistory | ||
| 700 | _aMason, Kenneth C. | ||
| 942 |
_2lcc _cBOOKS _hD 690.6 .R38 2008 |
||
| 999 |
_c10292 _d10292 |
||